| 000 | 00787nam a2200217 a 4500 | ||
|---|---|---|---|
| 003 | 0 | ||
| 005 | 20250610085617.0 | ||
| 008 | 021114s19uu xx 00 eng d | ||
| 050 |
_aPGS LB 3013 _b.C559 1999 |
||
| 100 | _aChua, Michelle Del Valle. | ||
| 245 |
_aClassroom noise of grade 6 classes in Southville International School / _cMichelle Del Valle Chua. |
||
| 260 |
_aLas PiƱas City, Philippines : _bSouthville International School and Colleges, _c1999. |
||
| 300 |
_a28 pages : _billustrations ; _c28 cm. |
||
| 504 | _aIncludes bibliographical references. | ||
| 650 |
_aClassroom environment _vNoise effects. |
||
| 650 |
_aNoise _vPsychological aspects. |
||
| 650 | _aSchool noise. | ||
| 650 |
_aNoise control _vSchools. |
||
| 650 | _aStudent behavior. | ||
| 942 |
_2lcc _cPASS |
||
| 999 |
_c96164 _d96164 |
||